000 00293nam a2200121Ia 4500
005 20251222141922.0
008 251222s9999||||xx |||||||||||||| ||spa||
020 _a84-08-03696-3
082 _a891.32/D93/2000/Ej.2
100 _a"Dostoievski, Fiodor"
245 0 _aCrimen y castigo
942 _cLIB
999 _c8753
_d8753